000
00180 a2200097 4500
020
_a
9780330239172
041
_a
eng
100
_a
Francis, Dick
245
_a
Smokescreen
942
_c
BK
999
_c
7817
_d
7817